Bureaucracy in New Zealand (Record no. 516854)

000 -LEADER
fixed length control field 00248nam a22000977a 4500
082 ## - DEWEY DECIMAL CLASSIFICATION NUMBER
Classification number TNC
100 ## - MAIN ENTRY--PERSONAL NAME
Personal name Milne, R. S. (ed.)
9 (RLIN) 23573
245 ## - TITLE STATEMENT
Title Bureaucracy in New Zealand
Statement of responsibility, etc edited by R. S. Milne
260 ## - PUBLICATION, DISTRIBUTION, ETC. (IMPRINT)
Place of publication, distribution, etc Wellington
Name of publisher, distributor, etc NZIPA
Date of publication, distribution, etc 1957
300 ## - PHYSICAL DESCRIPTION
Extent 137p.
Holdings
Withdrawn status Lost status Source of classification or shelving scheme Damaged status Koha normalized classification for sorting Not for loan Permanent location Current location Date acquired Full call number Barcode Date last seen Price effective from Koha item type
        TNC   Indian Institute of Public Administration Indian Institute of Public Administration 2021-03-18 TNC GR23488 2021-03-18 2021-03-18 GR

Powered by Koha